[Event "25th European Club Cup Women 2021"]
[Site "Struga"]
[Date "2021.09.18"]
[Round "1.1"]
[White "Gunina, Valentina"]
[Black "Bivol, Alina"]
[Result "1-0"]
[WhiteElo "2446"]
[BlackElo "2385"]
[Annotator "TA"]
[PlyCount "107"]
[EventDate "2021.09.18"]
[EventType "team-tourn"]
[EventCountry "MKD"]
[SourceTitle "playchess.com"]
[Source "ChessBase"]
[SourceQuality "1"]

{[%evp 13,107,6,19,5,24,13,24,6,16,-27,0,-46,15,12,18,33,55,50,52,-28,-33,-127,
-130,-120,-127,-145,-144,-147,-116,-256,-12,-21,47,47,47,47,68,47,47,47,35,0,
18,16,12,20,14,11,13,8,20,31,90,91,279,271,277,262,304,241,287,289,275,261,300,
243,527,526,514,533,462,322,312,282,291,229,145,165,423,383,1087,956,1109,1162,
4582,2849,1515,1097,2624,2237,5085,4618,29949,29945,29968,10011]} 1. e4 e5 2.
Nf3 Nf6 3. Nxe5 d6 4. Nf3 Nxe4 5. Nc3 Nxc3 6. dxc3 Be7 7. Be3 Nd7 {[%cal Bb8d7,
Bd7f6,Bf6e4,Be4c5,Bc5a4][%mdl 32]} 8. Qd2 {C42: Petroff Defence: 3 Nxe5 and
unusual White 3rd moves.} O-O 9. O-O-O Nf6 {9...c6 is a critical line.} 10. Bd3
{White has an edge.} c5 11. Rhg1 {[#]} Be6 $146 ({Predecessor:} 11... b5 12. g4
Bb7 13. Qe2 c4 14. Bf5 Re8 15. Nd4 Nd5 16. Ne6 Qa5 17. Qf3 Bf6 {1/2-1/2 (51)
Caruana,F (2823)-Duda,J (2743) Wijk aan Zee 2021}) 12. a3 c4 (12... d5 $1 $15)
13. Be2 $11 Ne4 14. Qe1 Qa5 15. Nd4 d5 16. f3 (16. Nxe6 $14 fxe6 17. Bf3) 16...
Nc5 {aiming for ...Na4.} 17. g4 (17. Nxe6 $15 fxe6 18. Bd4) 17... Na4 $17 {
Threatens to win with ...Nxb2!} 18. Nf5 Bc5 19. Bxc5 Qxc5 20. Qd2 Rae8 {
White must now prevent ...Bxf5.} 21. Rg2 ({Not} 21. Qg5 $2 g6 $19) (21. Rde1
$17) 21... f6 $2 (21... Qb6 $19 {[%csl Ga4][%cal Rb6b2]} 22. b4 cxb3) 22. Qd4
$1 $11 Bxf5 (22... Qc6 $11) 23. Qxc5 $1 $14 Nxc5 24. gxf5 Re5 {[#]} 25. Rxd5 $1
b5 ({Reject} 25... Rxd5 26. Bxc4 Nd3+ 27. cxd3 $16) 26. Rxe5 fxe5 {[%mdl 4096]
Endgame KRB-KRN} 27. Rg5 Kf7 28. b3 cxb3 29. cxb3 Nxb3+ 30. Kc2 Nc5 31. Bxb5
Kf6 32. Rg4 Nb7 (32... Rf7 $14) 33. Ra4 Nd6 $2 (33... a5 $16) 34. Ra6 $18 Rd8
35. a4 h5 36. Bd3 Rd7 {[#] and the idea ...Kg5 leaves Black hopeful.} 37. h4
Ke7 38. Rc6 Rb7 39. Be4 Rb6 $2 (39... Rd7 {keeps fighting.} 40. Rc5 Kf6) 40.
Rc7+ {[%mdl 64] Double Attack} Kf6 41. Rxa7 Nxf5 42. Bxf5 Kxf5 43. Rxg7 {KR-KR}
Ra6 44. Rg5+ Kf4 45. Kb3 Rb6+ $2 (45... Ra8 {was worth a try.} 46. Rxh5 Re8)
46. Kc4 Rb1 $2 (46... Rc6+ 47. Kd5 Rxc3) 47. Rxh5 Ra1 48. Kd5 Rxa4 49. c4 Ra8
50. Rh6 Kf5 51. c5 Ra3 52. Rh5+ Kf6 53. Rxe5 Rxf3 54. Re4 {Never resign too
early!  Weighted Error Value: White=0.23/Black=0.59} 1-0

[Event "25th European Club Cup Women 2021"]
[Site "Struga"]
[Date "2021.09.18"]
[Round "1.2"]
[White "Heinemann, Josefine"]
[Black "Badelka, Olga"]
[Result "1/2-1/2"]
[WhiteElo "2292"]
[BlackElo "2422"]
[Annotator "TA"]
[PlyCount "86"]
[EventDate "2021.09.18"]
[EventType "team-tourn"]
[EventCountry "MKD"]
[SourceTitle "playchess.com"]
[Source "ChessBase"]
[SourceQuality "1"]

{[%evp 18,86,19,17,20,12,10,15,14,-6,-6,-12,-6,-15,-14,-15,-15,-14,0,5,88,75,
83,83,98,64,75,75,75,73,70,75,83,64,60,45,58,58,55,30,30,28,39,25,73,79,128,78,
80,39,79,43,79,8,212,8,2326,2195,1947,212,205,0,0,0,0,0,0,0,0,0,0]} 1. e4 e5 2.
Nf3 Nc6 3. Bb5 Nf6 4. O-O Nxe4 5. Re1 Nd6 6. Nxe5 Nxe5 7. Rxe5+ Be7 8. Bf1 O-O
9. d4 Bf6 10. Re1 Re8 {C67: Ruy Lopez: Berlin Defence: 4 0-0 Nxe4.} 11. Bf4
Rxe1 12. Qxe1 Ne8 13. Nc3 {[%cal Bb1c3,Bc3d5,Bd5f6][%mdl 32]} Bxd4 14. Nd5 {
Strongly threatening Qe4.} d6 15. Bg5 f6 $1 {[%cal Rf6g5]} 16. Bh4 g5 {[#]} 17.
Bd3 $146 {And now Qe4 would win.} ({Predecessor:} 17. Qe4 Bxb2 18. Rb1 Be5 19.
f4 gxh4 20. fxe5 dxe5 21. Bc4 Be6 22. Rxb7 Kh8 23. Bd3 {0-1 (29) Caruana,F 
(2820)-So,W (2770) Paris 2021}) 17... Be5 (17... Bxb2 $5 18. Rb1 $8 Be5 $11)
18. f4 $36 {[%mdl 2048] White has good play.} Be6 {[#]} 19. Nxf6+ $1 $16 Qxf6
20. fxe5 Qxe5 21. Qxe5 (21. Bxg5 {keeps more tension.} Qxe1+ 22. Rxe1 Ng7 23.
Rf1 Bd5 24. Bd2) 21... dxe5 22. Bxg5 {Black must now prevent Re1.} Nd6 23. Re1
Re8 24. b3 Bf7 25. c4 b6 26. g4 Kg7 27. h4 Bg6 28. Bxg6 (28. Bf1 {seems wilder.
} h5 29. gxh5 Bxh5 30. Bg2 Nf7 31. Be3) 28... Kxg6 $14 {[%mdl 4096] Endgame
KRB-KRN} 29. Kg2 h6 30. Bc1 Nf7 31. Rd1 Nd6 32. Ba3 Re6 33. Bxd6 (33. Rd5 {
is more complex.} a6 34. Bb2 Nf7 35. Kg3 Re7 36. c5) 33... Rxd6 34. Rxd6+ (34.
Rd5 {with more complications.} a5 35. Kg3 Kf7 36. Kf3 Rf6+ 37. Ke4) 34... cxd6
$16 {KP-KP} 35. Kf3 ({Better is} 35. b4 $1 $16) 35... Kf6 $2 {[#]} (35... a5 $1
$11 {and Black stays safe.}) 36. Ke4 $2 (36. b4 $1 $18) 36... Ke6 $2 {[%mdl
8192] [#]} (36... a5 $11) 37. b4 $1 $18 a6 38. a4 $2 (38. a3 Kf6 39. Kd5) 38...
a5 39. bxa5 ({White must play} 39. b5 $18 Kf7 40. Kd5) 39... bxa5 $11 {The
position is equal.} 40. g5 h5 41. Ke3 Ke7 42. Ke4 Ke6 43. Ke3 {aiming for Ke4.}
Ke7 {Weighted Error Value: White=0.44/Black=0.23} 1/2-1/2

[Event "25th European Club Cup Women 2021"]
[Site "Struga"]
[Date "2021.09.18"]
[Round "1.3"]
[White "Maltsevskaya, Aleksandra"]
[Black "Dordzhieva, Dinara"]
[Result "1/2-1/2"]
[WhiteElo "2407"]
[BlackElo "2303"]
[Annotator "NA"]
[PlyCount "74"]
[EventDate "2021.09.18"]
[EventType "team-tourn"]
[EventCountry "MKD"]
[SourceTitle "playchess.com"]
[Source "ChessBase"]
[SourceQuality "1"]
[TimeControl "40/5400+30:1800+30"]

1. c4 {[%emt 0:00:03]} e6 {[%emt 0:01:22]} 2. g3 {[%emt 0:00:09]} Nf6 {[%emt 0:
00:12]} 3. Bg2 {[%emt 0:00:09]} d5 {[%emt 0:00:59]} 4. Nf3 {[%emt 1:32:09]}
dxc4 {[%emt 0:01:27]} 5. Qa4+ {[%emt 0:00:00]} Nbd7 {[%emt 0:00:11]} 6. Qxc4 {
[%emt 0:00:00]} a6 {[%emt 0:00:11]} 7. Qc2 {[%emt 0:01:30]} c5 {[%emt 0:00:41]}
8. Nc3 {[%emt 0:00:30]} Qc7 {[%emt 0:00:46]} 9. O-O {[%emt 0:00:30]} b6 {
[%emt 0:00:56]} 10. d4 {[%emt 0:00:00]} Bb7 {[%emt 0:02:15]} 11. Bf4 {[%emt 0:
00:00]} Bd6 {[%emt 0:00:14]} 12. Bxd6 {[%emt 0:00:00]} Qxd6 {[%emt 0:00:07]}
13. Rfd1 {[%emt 0:02:00]} O-O {[%emt 0:06:53]} 14. e4 {[%emt 0:00:30]} cxd4 {
[%emt 1:21:16]} 15. Nxd4 {[%emt 0:00:30]} Qc7 {[%emt 0:00:00]} 16. Rac1 Rad8 {
[%emt 0:01:00]} 17. f4 {[%emt 0:00:00]} e5 18. Nd5 {[%emt 0:01:30]} Qxc2 {
[%emt 0:01:00]} 19. Nxc2 {[%emt 0:00:30]} Nxd5 {[%emt 0:00:30]} 20. exd5 {
[%emt 0:00:30]} exf4 {[%emt 0:00:30]} 21. gxf4 {[%emt 0:00:00]} Nf6 22. Nb4 {
[%emt 0:00:00]} Rd6 23. Rc7 {[%emt 0:00:00]} Ba8 24. Rdc1 {[%emt 0:02:00]} Re8
{[%emt 0:02:00]} 25. Rc8 {[%emt 0:00:30]} Kf8 {[%emt 0:00:30]} 26. Rxe8+ {
[%emt 0:00:30]} Kxe8 {[%emt 0:00:00]} 27. Nxa6 {[%emt 0:00:00]} Bxd5 {[%emt 0:
00:00]} 28. Nc7+ {[%emt 0:01:00]} Ke7 {[%emt 0:01:30]} 29. Re1+ {[%emt 0:00:30]
} Kd7 {[%emt 0:00:00]} 30. Nb5 {[%emt 0:00:00]} Rc6 31. Rd1 {[%emt 0:00:00]}
Rc5 32. a4 {[%emt 0:00:32]} Kc6 33. Nd4+ {[%emt 0:01:28]} Kc7 {[%emt 0:02:30]}
34. Bf1 {[%emt 0:00:00]} Kb8 35. b4 {[%emt 0:01:00]} Rc7 {[%emt 0:01:00]} 36.
a5 {[%emt 0:00:30]} bxa5 {[%emt 0:00:00]} 37. bxa5 {[%emt 0:00:30]} Rc5 {
[%emt 0:01:00]} 1/2-1/2

[Event "25th European Club Cup Women 2021"]
[Site "Struga"]
[Date "2021.09.18"]
[Round "1.4"]
[White "Trippold, Denise"]
[Black "Solozhenkina, Elizaveta"]
[Result "0-1"]
[WhiteElo "2046"]
[BlackElo "2311"]
[Annotator "TA"]
[PlyCount "96"]
[EventDate "2021.09.18"]
[EventType "team-tourn"]
[EventCountry "MKD"]
[SourceTitle "playchess.com"]
[Source "ChessBase"]
[SourceQuality "1"]

{[%evp 14,96,60,39,40,0,0,0,-3,-10,-10,-9,-2,-15,-11,-19,-31,-32,-21,-49,-48,
-26,-27,-52,-37,-81,-75,-91,-95,-83,-59,-68,-61,-85,-71,-176,-73,-127,-102,
-124,-102,-123,-120,-135,-126,-131,-124,-154,-123,-162,-165,-216,-210,-204,
-212,-205,-191,-214,-211,-215,-195,-315,-307,-365,-339,-360,-364,-467,-373,
-339,0,-459,-456,-430,-452,-521,-516,-741,-736,-900,-900,-887,-869,-785,-391]} 
1. d4 Nf6 2. c4 e6 3. g3 d5 4. Bg2 dxc4 5. Nf3 a6 6. O-O Nc6 {[%cal Bb8c6,
Bc6d4,Bd4e6][%mdl 32]} 7. e3 Rb8 8. Nfd2 e5 {E04: Open Catalan: 5 Nf3.} 9. Nxc4
(9. Bxc6+ $5 bxc6 10. dxe5 $14) 9... exd4 10. exd4 Nxd4 {The position is equal.
} 11. Re1+ Be7 12. Be3 Ne6 13. Qc2 O-O {[#]} 14. Rd1 $146 ({Predecessor:} 14.
Nc3 c5 15. Rad1 Qc7 16. Ne4 Nxe4 17. Bxe4 h6 18. Bh7+ Kh8 19. Bf5 b5 20. Bxe6
fxe6 {0-1 (45) Seliverstov,V (2462)-Toolin,C (2170) Chess.com INT 2019}) 14...
Qe8 15. Nc3 b6 16. Ne5 Bb7 17. Bxb7 Rxb7 {[%cal Bb8b7,Bb7c7,Bc7d7][%mdl 32]}
18. Ne4 c5 19. a4 Qc8 20. Rac1 Nxe4 21. Qxe4 Rc7 22. Nc4 Qb7 23. Qf5 Bf6 24.
Ne5 {[#]} (24. Rd6 $17) 24... Re8 (24... Re7 $1 $19 {has better winning
chances.} 25. Nd3 Bd4) 25. Nc4 (25. Rd6 $142) 25... Rb8 26. b3 Rd7 27. Nd6 Qc6
28. Ne4 Bb2 29. Rb1 {Black must now prevent Rxd7.} Bd4 30. Qf3 {And now Nf6+!
would win.} Qd5 31. h4 Rbd8 32. Kh2 (32. Rd3 $142) 32... f5 $19 33. Ng5 {
Hoping for Qxd5.} Qxf3 34. Nxf3 Bxe3 {[%mdl 64] [#] Discovered Attack} 35. Rxd7
Rxd7 36. fxe3 {[%mdl 4096] Endgame KRN-KRN} Rd3 37. Ne5 (37. Kg1 $142) 37...
Rxe3 38. Nd7 b5 39. axb5 axb5 40. Rb2 Rd3 41. Ne5 Re3 42. Nd7 b4 {[%cal Bb5b4,
Bb4b3][%mdl 32] Black is clearly winning.} 43. Kg2 Rc3 44. Rf2 Rxb3 45. Rxf5
Rc3 46. Rd5 b3 {aiming for ...b2.} 47. Rd6 Kf7 48. Rb6 c4 {Weighted Error
Value: White=0.31/Black=0.17} (48... Ke7 $142 49. Nb8 c4 50. Nc6+ Kd6 51. Nb4+
Kc5) 0-1

[Event "25th European Club Cup Women 2021"]
[Site "Struga"]
[Date "2021.09.18"]
[Round "1.5"]
[White "Goryachkina, Aleksandra"]
[Black "Muzychuk, Anna"]
[Result "1/2-1/2"]
[WhiteElo "2608"]
[BlackElo "2534"]
[Annotator "TA"]
[PlyCount "95"]
[EventDate "2021.09.18"]
[EventType "team-tourn"]
[EventCountry "MKD"]
[SourceTitle "playchess.com"]
[Source "ChessBase"]
[SourceQuality "1"]

{[%evp 9,95,0,13,-12,-11,-12,-31,-19,-19,-41,-39,-31,-35,-33,-32,-52,-42,-71,
-42,-75,-43,-43,-48,-50,-47,-42,-44,-58,-46,-58,-54,-53,-59,-58,-46,-38,-53,
-75,-72,-81,-71,-91,-97,-74,0,0,0,4,90,38,45,51,50,49,48,48,46,0,0,-66,-60,-93,
0,0,0,0,0,0,0,0,0,0,0,-22,-8,-12,0,0,0,0,0,0,0,0,0,0,0,0]} 1. d4 Nf6 2. c4 e6
3. Nc3 Bb4 4. e3 O-O 5. Bd2 c5 6. d5 {E46: Nimzo-Indian: Rubinstein: 4 e3 0-0
5 Ne2 without early Bd3.} exd5 7. cxd5 d6 8. Nge2 {[#] Black is slightly
better.} Re8 $146 ({Predecessor:} 8... Nbd7 9. a3 Ba5 10. Ng3 Ne5 11. Be2 Bd7
12. O-O a6 13. e4 b5 14. b3 Re8 {1/2-1/2 (39) Appelquist,O-Nordstrom,E Sweden
1972}) 9. Nf4 Nbd7 10. Be2 a6 11. O-O Ne5 12. a3 Ba5 13. Re1 Bd7 14. Na2 b5 15.
Bxa5 Qxa5 16. Nh5 Nxh5 17. Bxh5 Qb6 18. Nc3 a5 19. Qc2 b4 20. Ne4 {[%cal Bc3e4,
Be4g3,Bg3f5][%mdl 32]} Bb5 21. Rad1 h6 22. Ng3 Rab8 23. f4 {[#]} Nd7 24. a4 {
[#]} Ba6 25. Qf2 c4 26. Nf5 g6 (26... Nf6 $17 {...Bc8 is the strong threat.}
27. Bf3 c3) 27. Qg3 $1 $11 {White wants to mate with Bxg6!} Kh7 28. Qh3 $1 $36
{[%mdl 2048] And now Bxg6+! would win. White has the initiative.} Rg8 (28...
gxf5 $11 29. Qxf5+ Kh8 30. Qxd7 Rxe3 31. Rxe3 Qxe3+ 32. Kh1 Qxf4) 29. Bg4 (29.
Bf3 $16 {[%csl Gf5][%cal Rh3h6]} gxf5 30. Qxf5+ {[%mdl 64] Double Attack} Kg7
31. Qg4+ (31. Qxd7 Bc8 $14) 31... Kf6 32. Qxd7) 29... gxf5 $14 30. Bxf5+ {
[%mdl 64] Double Attack} Kg7 {Threatens to win with ...Nc5.} 31. Bxd7 Bc8 32.
Bxc8 Rbxc8 33. Rd4 c3 34. f5 ({White should play} 34. bxc3 $11 Rxc3 35. Qg4+
Kh7 36. Qf5+ Kg7 37. Qg4+ Kh7 38. Qh5) 34... Qd8 $1 $15 35. bxc3 bxc3 (35...
Rxc3 $17 36. f6+ Kh7) 36. Rc1 {The position is equal.} Kh7 37. Qf3 Qf6 38. Rc2
Rg5 39. Rf4 Rc5 40. h3 Qe5 41. e4 Rc4 {Threatening ...Rb4.} 42. Qe3 Rxa4 43.
Rxc3 Ra1+ 44. Rf1 $1 {[%cal Rf1a1]} Ra2 45. Rf2 Ra1+ 46. Rf1 $1 {[%cal Rf1a1]}
Ra2 47. Rf2 Ra1+ 48. Rf1 $1 {[%cal Rf1a1] Weighted Error Value: White=0.11/
Black=0.10} 1/2-1/2

[Event "25th European Club Cup Women 2021"]
[Site "Struga"]
[Date "2021.09.18"]
[Round "1.6"]
[White "Abdumalik, Zhansaya"]
[Black "Dzagnidze, Nana"]
[Result "1/2-1/2"]
[WhiteElo "2502"]
[BlackElo "2525"]
[Annotator "ChessBase"]
[PlyCount "68"]
[EventDate "2021.09.18"]
[EventType "team-tourn"]
[EventCountry "MKD"]
[SourceTitle "playchess.com"]
[Source "ChessBase"]
[SourceQuality "1"]
[TimeControl "40/5400+30:1800+30"]

1. e4 {[%emt 0:00:03]} c5 {[%emt 0:00:27]} 2. Nf3 {[%emt 0:00:37]} Nc6 {
[%emt 0:00:06]} 3. Bb5 {[%emt 0:00:34]} g6 {[%emt 0:00:37]} 4. Bxc6 {[%emt 0:
00:45]} dxc6 {[%emt 0:01:09]} 5. d3 {[%emt 0:00:06]} Qc7 {[%emt 0:01:40]} 6. h3
{[%emt 0:01:18]} e5 {[%emt 0:00:37]} 7. Be3 {[%emt 0:01:49]} Be6 {[%emt 0:02:
49]} 8. a4 {[%emt 0:02:33]} f6 {[%emt 0:02:52]} 9. Qd2 {[%emt 0:05:13]} a5 {
[%emt 0:12:45]} 10. Na3 {[%emt 0:02:35]} b6 {[%emt 0:02:50]} 11. b3 {[%emt 0:
02:58]} Ne7 {[%emt 0:04:36]} 12. Bh6 {[%emt 0:05:52]} O-O-O {[%emt 0:07:06]}
13. Bxf8 {[%emt 0:07:05]} Rhxf8 {[%emt 0:00:49]} 14. Qh6 {[%emt 0:01:05]} Ng8 {
[%emt 0:05:04]} 15. Qe3 {[%emt 0:01:38]} Ne7 {[%emt 0:02:41]} 16. Qh6 {[%emt 0:
06:05]} Ng8 {[%emt 0:00:41]} 17. Qe3 {[%emt 0:00:08]} Ne7 {[%emt 0:00:29]} 18.
O-O-O {[%emt 0:11:06]} Kb7 {[%emt 0:04:38]} 19. Kb2 {[%emt 0:00:33]} Nc8 {
[%emt 0:01:40]} 20. Rhe1 {[%emt 0:06:35]} g5 {[%emt 0:04:52]} 21. Nd2 {[%emt 0:
02:19]} Nd6 {[%emt 0:02:37]} 22. Ndc4 {[%emt 0:07:54]} Qg7 {[%emt 0:04:07]} 23.
Nxd6+ {[%emt 0:04:01]} Rxd6 {[%emt 0:00:06]} 24. Rd2 {[%emt 0:02:11]} h5 {
[%emt 0:04:40]} 25. Nc4 {[%emt 0:01:17]} Rd4 {[%emt 0:02:53]} 26. Red1 {
[%emt 0:02:50]} Rfd8 {[%emt 0:02:42]} 27. c3 {[%emt 0:02:48]} R4d7 {[%emt 0:00:
13]} 28. Kc2 {[%emt 0:00:54]} h4 {[%emt 0:08:40]} 29. f3 {[%emt 0:06:10]} Qf7 {
[%emt 0:01:11]} 30. Kb2 {[%emt 0:02:10]} Qg8 {[%emt 0:03:32]} 31. Qf2 {[%emt 0:
00:39]} Qf7 {[%emt 0:00:10]} 32. Qe3 {[%emt 0:00:08]} Qg8 {[%emt 0:00:09]} 33.
Qf2 {[%emt 0:00:19]} Qf7 {[%emt 0:00:14]} 34. Qe3 {[%emt 0:00:18]} Qg8 1/2-1/2

[Event "25th European Club Cup Women 2021"]
[Site "Struga"]
[Date "2021.09.18"]
[Round "1.7"]
[White "Cramling, Pia"]
[Black "Muzychuk, Mariya"]
[Result "1/2-1/2"]
[WhiteElo "2455"]
[BlackElo "2540"]
[Annotator "ChessBase"]
[PlyCount "65"]
[EventDate "2021.09.18"]
[EventType "team-tourn"]
[EventCountry "MKD"]
[SourceTitle "playchess.com"]
[Source "ChessBase"]
[SourceQuality "1"]
[TimeControl "40/5400+30:1800+30"]

1. Nf3 {[%emt 0:00:05]} d5 {[%emt 0:00:04]} 2. d4 {[%emt 0:00:32]} Nf6 {
[%emt 0:00:05]} 3. c4 {[%emt 0:00:10]} e6 {[%emt 0:00:15]} 4. Bg5 {[%emt 0:00:
55]} h6 {[%emt 0:02:46]} 5. Bxf6 {[%emt 0:01:11]} Qxf6 {[%emt 0:00:04]} 6. e3 {
[%emt 0:02:14]} Nd7 {[%emt 0:09:23]} 7. Qb3 {[%emt 0:06:58]} dxc4 {[%emt 0:07:
57]} 8. Bxc4 {[%emt 0:01:07]} c5 {[%emt 0:00:10]} 9. Nc3 {[%emt 0:12:38]} cxd4
{[%emt 0:02:05]} 10. exd4 {[%emt 0:00:08]} Bd6 {[%emt 0:02:46]} 11. O-O {
[%emt 0:03:02]} O-O {[%emt 0:01:18]} 12. Rfe1 {[%emt 0:06:29]} Nb6 {[%emt 0:02:
08]} 13. Bb5 {[%emt 0:01:35]} Rd8 {[%emt 0:04:37]} 14. a4 {[%emt 0:03:29]} Bc7
{[%emt 0:17:11]} 15. Rac1 {[%emt 0:02:06]} Bf4 {[%emt 0:10:34]} 16. Rcd1 {
[%emt 0:02:29]} a6 {[%emt 0:01:39]} 17. Bd3 {[%emt 0:04:09]} Nd5 {[%emt 0:04:
22]} 18. Nxd5 {[%emt 0:01:55]} exd5 {[%emt 0:00:39]} 19. Ne5 {[%emt 0:07:33]}
g6 {[%emt 0:04:31]} 20. g3 {[%emt 0:11:42]} Bxe5 {[%emt 0:01:15]} 21. dxe5 {
[%emt 0:00:34]} Qe7 {[%emt 0:02:49]} 22. Qb6 {[%emt 0:00:28]} Be6 {[%emt 0:02:
47]} 23. Qd4 {[%emt 0:02:24]} Rac8 {[%emt 0:01:37]} 24. Rc1 {[%emt 0:00:10]}
Qg5 {[%emt 0:01:59]} 25. f4 {[%emt 0:03:56]} Qg4 {[%emt 0:01:13]} 26. Qf2 {
[%emt 0:00:43]} h5 {[%emt 0:01:40]} 27. Rxc8 {[%emt 0:07:17]} Rxc8 {[%emt 0:01:
57]} 28. Qe3 {[%emt 0:02:17]} h4 {[%emt 0:02:43]} 29. Be2 {[%emt 0:00:20]} Qh3
{[%emt 0:00:52]} 30. Bf1 {[%emt 0:00:18]} Qg4 {[%emt 0:01:05]} 31. Be2 {
[%emt 0:00:12]} Qh3 {[%emt 0:00:22]} 32. Bf1 {[%emt 0:00:10]} Qg4 {[%emt 0:00:
04]} 33. Be2 1/2-1/2

[Event "25th European Club Cup Women 2021"]
[Site "Struga"]
[Date "2021.09.18"]
[Round "1.8"]
[White "Osmak, Iulija"]
[Black "Paehtz, Elisabeth"]
[Result "1/2-1/2"]
[WhiteElo "2428"]
[BlackElo "2465"]
[Annotator "TA"]
[PlyCount "148"]
[EventDate "2021.09.18"]
[EventType "team-tourn"]
[EventCountry "MKD"]
[SourceTitle "playchess.com"]
[Source "ChessBase"]
[SourceQuality "1"]

{[%evp 11,148,0,0,0,7,0,-15,0,0,0,0,0,8,7,16,12,12,10,8,13,32,25,61,8,13,15,14,
6,14,12,12,0,0,0,0,0,0,0,0,0,12,-8,-8,-12,-12,-63,-68,-63,-69,-79,-81,-77,-74,
-123,-123,-123,-123,-115,-118,-121,-118,-143,-48,-51,-44,-51,-51,-66,-38,-104,
-68,-68,-68,-104,-94,-80,-82,-104,-104,-104,-104,-104,0,-104,-20,-21,-31,-44,
-31,-41,-48,-48,-48,-51,0,0,0,-56,-66,-66,-66,-80,-87,-72,-70,-66,-70,-316,
-295,-293,-65,-240,-213,-356,0,0,0,0,0,0,0,0,0,0,0,-8,0,0,0,0,0,0,0,0,0,0,0,0,
0]} 1. Nf3 c5 2. c4 Nc6 3. d4 cxd4 4. Nxd4 e6 5. Nc3 Nf6 6. e3 Bb4 7. Be2 {
A33: Symmetrical English: 2 Nf3 Nf6 3 d4 cxd4 4 Nxd4 e6 5 Nc3 Nc6.} Ne4 8. Qc2
Nxc3 9. bxc3 Be7 10. O-O O-O 11. Rd1 a6 12. Rb1 Qc7 {[#]} 13. Qb3 $146 ({
Predecessor:} 13. Qa4 Ra7 14. Qb3 Bc5 15. Ba3 Na5 16. Qb2 Nxc4 17. Bxc4 Bxa3
18. Qxa3 Qxc4 19. Nb5 {0-1 (57) Martinez Duany,L (2517)-Ortiz Suarez,I (2566)
Villa Clara 2017}) 13... Na5 14. Qb6 Qxb6 15. Rxb6 Rd8 16. e4 Bc5 17. Rb1 (17.
Rb2 $14) 17... d6 $11 18. Nb3 Nxb3 19. axb3 e5 20. b4 Bb6 21. Ba3 Be6 22. c5
Bc7 23. cxd6 Bxd6 24. c4 Be7 25. c5 f6 26. f3 Rxd1+ 27. Rxd1 a5 28. Kf1 ({
White should play} 28. Rb1 $1 $11) 28... axb4 $15 29. Bxb4 b6 $1 30. Rc1 Rc8
31. Ba6 Rc7 32. Bc4 Bxc4+ 33. Rxc4 Bxc5 $17 {[%mdl 4096] Endgame KRB-KRB} 34.
Ke2 Kf7 35. Kd3 Ke6 36. Bxc5 bxc5 {KR-KR} (36... Rxc5 $17 37. Rxc5 bxc5) 37.
Ra4 Rb7 38. Ra6+ Kf7 39. Ra2 Rb4 40. Kc3 (40. Ra7+ $15 Kg6 41. Kc2) 40... Rb1
41. Rc2 Ke6 42. Ra2 Rc1+ 43. Kd3 h5 44. h4 Kf7 45. Kd2 Rh1 46. Ke3 Rc1 47. Kd2
$1 {[%cal Rd2c1]} Rc4 (47... Rf1 $17 {aiming for ...Rf2+.} 48. Ke2 Rg1) 48.
Ra7+ $11 Kg6 49. Rc7 Rd4+ 50. Ke2 c4 51. g3 Kh7 52. Rc8 Kh6 (52... g6 {seems
wilder.} 53. Rc7+ Kg8 54. Ke3 Rd3+ 55. Ke2 Rc3) 53. Rc6 Kh7 54. Rc8 $1 g6 $1
55. Rc7+ Kg8 $1 56. Rc8+ Kf7 57. Rc7+ Ke6 58. Rc6+ Ke7 59. Rc7+ $2 (59. Ra6 $15
) 59... Kd6 $19 60. Rf7 Ke6 (60... Kc5 $19 {White must now prevent ...c3.} 61.
Rxf6 c3 62. Rxg6 c2) 61. Rc7 $2 {[#]} (61. Rh7 $15) 61... f5 $1 62. Rc6+ (62.
Ke3 {was the only defense.}) 62... Kf7 $2 ({Better is} 62... Kd7 $19 63. Rxg6
c3) 63. Rc7+ $11 {The position is equal.} Kf6 64. Rc6+ Kg7 65. Rc7+ Kh6 66.
exf5 gxf5 67. Rc5 f4 68. gxf4 (68. g4 {with more complications.} hxg4 69. fxg4
Re4+ 70. Kf2 Kg6 71. Rc6+) 68... exf4 69. Rc6+ Kg7 70. Rc5 Kg6 71. Rg5+ Kf6 72.
Rxh5 c3 73. Rc5 Rd2+ 74. Ke1 Rh2 {Weighted Error Value: White=0.17/Black=0.16}
1/2-1/2